KOHA-Header-6

Fundamentals of Electrical Engineering and Electronics (Record no. 1359)

000 -LEADER
fixed length control field 00327nam a2200121Ia 4500
008 - FIXED-LENGTH DATA ELEMENTS--GENERAL INFORMATION
fixed length control field 190723s9999 xx 000 0 und d
020 ## - INTERNATIONAL STANDARD BOOK NUMBER
International Standard Book Number 81-219-2660-2
100 ## - MAIN ENTRY--PERSONAL NAME
Personal name B.L.Theraja
245 #0 - TITLE STATEMENT
Title Fundamentals of Electrical Engineering and Electronics
260 ## - PUBLICATION, DISTRIBUTION, ETC. (IMPRINT)
Place of publication, distribution, etc New Delhi
Name of publisher, distributor, etc S.Chand Company
Date of publication, distribution, etc 2009
300 ## - PHYSICAL DESCRIPTION
Extent 841
942 ## - ADDED ENTRY ELEMENTS (KOHA)
Koha item type Books
Holdings
Withdrawn status Lost status Source of classification or shelving scheme Damaged status Not for loan Collection code Permanent Location Current Location Shelving location Date acquired Full call number Barcode Date last seen Price effective from Koha item type
          Electrical Engineering MAJU MAJU Shelf No.A34 2019-07-23 621.3 7984 2019-07-23 2019-07-23 Electrical Engineering

Powered by Koha